[Event "IECC CL8-2004.12 email"]
[Site "IECC email"]
[Date "2004.11.22"]
[Round "?"]
[White "Alfonso, Alfonso"]
[Black "Ramieri, Paolo"]
[Result "1-0"]
[WhiteElo "1000"]
[BlackElo "1014"]
[PlyCount "47"]
[EventDate "2004.??.??"]
[EventType "tourn (corr)"]
[EventRounds "4"]
[SourceTitle "Corr 2008"]
[Source "ChessBase"]
[SourceDate "2008.06.24"]
[SourceVersion "1"]
[SourceVersionDate "2008.06.24"]
[SourceQuality "1"]

1. e4 e5 2. Nf3 Nc6 3. Bb5 a6 4. Ba4 Nf6 5. 0-0 Nxe4 6. d4 b5 7. Bb3 d5 8. dxe5 Be6 9. c3 Be7 10. Be3 Bg5 11. Nxg5 Nxg5 12. f4 Ne4 13. f5 Bd7 14. Bxd5 Qh4 15. Bxf7+ Kxf7 16. Qxd7+ Ne7 17. Qe6+ Ke8 18. f6 gxf6 19. exf6 Nxf6 20. Rxf6 Rf8 21. Rxf8+ Kxf8 22. Nd2 Ng6 23. Rf1+ Kg7 24. Rf7+ 1-0